01730nam a22002297a 4500003000900000008004100009040007100050082002500121110005500146245006800201260003200269300002900301440006600330505089200396650002101288650001901309650003301328700002501361700002901386700003001415710005501445AR-CdUCM190425b ||||| |||| 00| 0 spa d aMUNICIPALIDAD PROVINCIAL DEL CUSCOcBIBLIOTECA MUNICIPAL DEL CUSCO aRev.Univ/N°109/1955 aUniversidad Nacional de San Antonio Abad del Cusco aRevista Universitaria :bÓrgano de la Universidad del Cuzco / aCusco :bH.G. Rozas,c1955. a391 páginas. :c20 cm. aRevista UniversitarianAño XLIV, 2° semestre 1955, N°109. aContenido: Castilla y la abolición de la esclavitud. Luis Felipe Paredes. -- Saldo final del problema de la emancipación. Arnold Toynbee. -- Aspecto socio económico del problema de la alfabetización del idioma Quechua. Carlos Núñez Anavitarte. -- Hacia la reforma de la legislación del registro fiscal de ventas a plazos. Rodolfo Zamalloa. -- Apuntes para un estudio fitogeográfico de la provincia de Paucartambo. Segundo Villasante Ortiz. -- Lo finito e infinito en Zenón de Elea. Raúl Vallejos. -- Concurso de la cátedra de resistencia de materiales. Eduardo Marmanillo. -- Semblanza del Obispo Dr. Manuel Mollinedo y Angulo. Maximiliano Moscoso. -- Causas negativas de la enseñanza de la Física en los colegios secundarios. Rhina Irigoyen Pinto. -- Colección de autores cuzqueños. Narcisco Arestegui. Padre Horán escenas de la vida cuzqueña, tomo II. aRamón Castilla aIdioma Quechua aManuel de Mollinedo y Angulo aParedes, Luis Felipe aZamalloa Loayza, Rodolfo aVillasante Ortiz, Segundo aUniversidad Nacional de San Antonio Abad del Cusco